<?xml version="1.0" encoding="UTF-8"?>
<record
    xmlns:xsi="http://www.w3.org/2001/XMLSchema-instance"
    xsi:schemaLocation="http://www.loc.gov/MARC21/slim http://www.loc.gov/standards/marcxml/schema/MARC21slim.xsd"
    xmlns="http://www.loc.gov/MARC21/slim">

  <leader>00647nam a22001577a 4500</leader>
  <controlfield tag="003">OSt</controlfield>
  <controlfield tag="005">20150910170518.0</controlfield>
  <controlfield tag="008">150910b        xxu||||| |||| 00| 0 eng d</controlfield>
  <datafield tag="040" ind1=" " ind2=" ">
    <subfield code="c">RUA</subfield>
  </datafield>
  <datafield tag="082" ind1=" " ind2=" ">
    <subfield code="a">AGR &#x1793;&#x17C5; 1995 B014 Or.1</subfield>
  </datafield>
  <datafield tag="100" ind1=" " ind2=" ">
    <subfield code="9">278</subfield>
    <subfield code="a">&#x1793;&#x17C5; &#x179F;&#x17B6;&#x179A;&#x17C9;&#x17B6;&#x178F;</subfield>
  </datafield>
  <datafield tag="245" ind1=" " ind2=" ">
    <subfield code="a">&#x1780;&#x17C6;&#x179A;&#x17B7;&#x178F;&#x1799;&#x179B;&#x17CB;&#x178A;&#x17B9;&#x1784;&#x1796;&#x17B8;&#x179C;&#x17B7;&#x1792;&#x17B6;&#x1793;&#x1780;&#x17B6;&#x179A;&#x178E;&#x17CD;&#x1785;&#x17C6;&#x179A;&#x17BB;&#x17C7;&#x1780;&#x17D2;&#x1793;&#x17BB;&#x1784;&#x1780;&#x17B7;&#x1785;&#x17D2;&#x1785;&#x1780;&#x17B6;&#x179A;&#x1796;&#x17B6;&#x179A;&#x178A;&#x17C6;&#x178E;&#x17B6;&#x17C6;&#x179F;&#x17D2;&#x179A;&#x17BC;&#x179C;&#x179A;&#x1794;&#x179F;&#x17CB;&#x1780;&#x179F;&#x17B7;&#x1780;&#x179A;&#x1793;&#x17C5;&#x179F;&#x17D2;&#x179A;&#x17BB;&#x1780;&#x179F;&#x17C6;&#x179A;&#x17C4;&#x1784;&#x1791;&#x1784; &#x1781;&#x17C1;&#x178F;&#x17D2;&#x178F;&#x1780;&#x17C6;&#x1796;&#x1784;&#x17CB;&#x179F;&#x17D2;&#x1796;&#x17BA;</subfield>
  </datafield>
  <datafield tag="260" ind1=" " ind2=" ">
    <subfield code="a">Phnom Penh </subfield>
    <subfield code="b">RUA</subfield>
    <subfield code="c">1995</subfield>
  </datafield>
  <datafield tag="300" ind1=" " ind2=" ">
    <subfield code="a">84p.</subfield>
    <subfield code="b">ill.</subfield>
    <subfield code="c">29cm.</subfield>
  </datafield>
  <datafield tag="942" ind1=" " ind2=" ">
    <subfield code="2">ddc</subfield>
    <subfield code="c">AGR</subfield>
  </datafield>
  <datafield tag="999" ind1=" " ind2=" ">
    <subfield code="c">258</subfield>
    <subfield code="d">258</subfield>
  </datafield>
  <datafield tag="952" ind1=" " ind2=" ">
    <subfield code="0">0</subfield>
    <subfield code="1">0</subfield>
    <subfield code="2">ddc</subfield>
    <subfield code="4">0</subfield>
    <subfield code="6">AGR_&#x1793;&#x17C5;_1995_000000000000000_B014_OR_1</subfield>
    <subfield code="7">0</subfield>
    <subfield code="9">1123</subfield>
    <subfield code="a">LBB</subfield>
    <subfield code="b">LBB</subfield>
    <subfield code="c">B014</subfield>
    <subfield code="d">2015-09-10</subfield>
    <subfield code="o">AGR &#x1793;&#x17C5; 1995 B014 Or.1</subfield>
    <subfield code="p">RUA003152</subfield>
    <subfield code="r">2015-09-10</subfield>
    <subfield code="w">2015-09-10</subfield>
    <subfield code="y">AGR</subfield>
  </datafield>
  <datafield tag="952" ind1=" " ind2=" ">
    <subfield code="0">0</subfield>
    <subfield code="1">0</subfield>
    <subfield code="2">ddc</subfield>
    <subfield code="4">0</subfield>
    <subfield code="6">AGR_&#x1793;&#x17C5;_1995_000000000000000_B014_OR_2</subfield>
    <subfield code="7">0</subfield>
    <subfield code="9">1124</subfield>
    <subfield code="a">LBB</subfield>
    <subfield code="b">LBB</subfield>
    <subfield code="c">B014</subfield>
    <subfield code="d">2015-09-10</subfield>
    <subfield code="o">AGR &#x1793;&#x17C5; 1995 B014 Or.2</subfield>
    <subfield code="p">RUA006506</subfield>
    <subfield code="r">2015-09-10</subfield>
    <subfield code="w">2015-09-10</subfield>
    <subfield code="y">AGR</subfield>
  </datafield>
  <datafield tag="952" ind1=" " ind2=" ">
    <subfield code="0">0</subfield>
    <subfield code="1">0</subfield>
    <subfield code="2">ddc</subfield>
    <subfield code="4">0</subfield>
    <subfield code="6">AGR_&#x1793;&#x17C5;_1995_000000000000000_B014_OR_3</subfield>
    <subfield code="7">0</subfield>
    <subfield code="9">1125</subfield>
    <subfield code="a">LBB</subfield>
    <subfield code="b">LBB</subfield>
    <subfield code="c">B014</subfield>
    <subfield code="d">2015-09-10</subfield>
    <subfield code="o">AGR &#x1793;&#x17C5; 1995 B014 Or.3</subfield>
    <subfield code="p">RUA003150</subfield>
    <subfield code="r">2015-09-10</subfield>
    <subfield code="w">2015-09-10</subfield>
    <subfield code="y">AGR</subfield>
  </datafield>
  <datafield tag="952" ind1=" " ind2=" ">
    <subfield code="0">0</subfield>
    <subfield code="1">0</subfield>
    <subfield code="2">ddc</subfield>
    <subfield code="4">0</subfield>
    <subfield code="6">AGR_&#x1793;&#x17C5;_1995_000000000000000_B014_OR_4</subfield>
    <subfield code="7">0</subfield>
    <subfield code="9">1126</subfield>
    <subfield code="a">LBB</subfield>
    <subfield code="b">LBB</subfield>
    <subfield code="c">B014</subfield>
    <subfield code="d">2015-09-10</subfield>
    <subfield code="o">AGR &#x1793;&#x17C5; 1995 B014 Or.4</subfield>
    <subfield code="p">RUA003852</subfield>
    <subfield code="r">2015-09-10</subfield>
    <subfield code="w">2015-09-10</subfield>
    <subfield code="y">AGR</subfield>
  </datafield>
  <datafield tag="952" ind1=" " ind2=" ">
    <subfield code="0">0</subfield>
    <subfield code="1">0</subfield>
    <subfield code="2">ddc</subfield>
    <subfield code="4">0</subfield>
    <subfield code="6">AGR_&#x1793;&#x17C5;_1995_000000000000000_B014_OR_5</subfield>
    <subfield code="7">0</subfield>
    <subfield code="9">1127</subfield>
    <subfield code="a">LBB</subfield>
    <subfield code="b">LBB</subfield>
    <subfield code="c">B014</subfield>
    <subfield code="d">2015-09-10</subfield>
    <subfield code="o">AGR &#x1793;&#x17C5; 1995 B014 Or.5</subfield>
    <subfield code="p">RUA003146</subfield>
    <subfield code="r">2015-09-10</subfield>
    <subfield code="w">2015-09-10</subfield>
    <subfield code="y">AGR</subfield>
  </datafield>
  <datafield tag="952" ind1=" " ind2=" ">
    <subfield code="0">0</subfield>
    <subfield code="1">0</subfield>
    <subfield code="2">ddc</subfield>
    <subfield code="4">0</subfield>
    <subfield code="6">AGR_&#x1793;&#x17C5;_1995_000000000000000_B014_OR_6</subfield>
    <subfield code="7">0</subfield>
    <subfield code="9">1128</subfield>
    <subfield code="a">LBB</subfield>
    <subfield code="b">LBB</subfield>
    <subfield code="c">B014</subfield>
    <subfield code="d">2015-09-10</subfield>
    <subfield code="o">AGR &#x1793;&#x17C5; 1995 B014 Or.6</subfield>
    <subfield code="p">RUA003398</subfield>
    <subfield code="r">2015-09-10</subfield>
    <subfield code="w">2015-09-10</subfield>
    <subfield code="y">AGR</subfield>
  </datafield>
  <datafield tag="952" ind1=" " ind2=" ">
    <subfield code="0">0</subfield>
    <subfield code="1">0</subfield>
    <subfield code="2">ddc</subfield>
    <subfield code="4">0</subfield>
    <subfield code="6">AGR_&#x1793;&#x17C5;_1995_000000000000000_B014_OR_7</subfield>
    <subfield code="7">0</subfield>
    <subfield code="9">1129</subfield>
    <subfield code="a">LBB</subfield>
    <subfield code="b">LBB</subfield>
    <subfield code="c">B014</subfield>
    <subfield code="d">2015-09-10</subfield>
    <subfield code="o">AGR &#x1793;&#x17C5; 1995 B014 Or.7</subfield>
    <subfield code="p">RUA003254</subfield>
    <subfield code="r">2015-09-10</subfield>
    <subfield code="w">2015-09-10</subfield>
    <subfield code="y">AGR</subfield>
  </datafield>
  <datafield tag="952" ind1=" " ind2=" ">
    <subfield code="0">0</subfield>
    <subfield code="1">0</subfield>
    <subfield code="2">ddc</subfield>
    <subfield code="4">0</subfield>
    <subfield code="6">AGR_&#x1793;&#x17C5;_1995_000000000000000_B014_OR_8</subfield>
    <subfield code="7">0</subfield>
    <subfield code="9">1130</subfield>
    <subfield code="a">LBB</subfield>
    <subfield code="b">LBB</subfield>
    <subfield code="c">B014</subfield>
    <subfield code="d">2015-09-10</subfield>
    <subfield code="o">AGR &#x1793;&#x17C5; 1995 B014 Or.8</subfield>
    <subfield code="p">RUA003847</subfield>
    <subfield code="r">2015-09-10</subfield>
    <subfield code="w">2015-09-10</subfield>
    <subfield code="y">AGR</subfield>
  </datafield>
  <datafield tag="952" ind1=" " ind2=" ">
    <subfield code="0">0</subfield>
    <subfield code="1">0</subfield>
    <subfield code="2">ddc</subfield>
    <subfield code="4">0</subfield>
    <subfield code="6">AGR_&#x1793;&#x17C5;_1995_000000000000000_B014_OR_9</subfield>
    <subfield code="7">0</subfield>
    <subfield code="9">1131</subfield>
    <subfield code="a">LBB</subfield>
    <subfield code="b">LBB</subfield>
    <subfield code="c">B014</subfield>
    <subfield code="d">2015-09-10</subfield>
    <subfield code="o">AGR &#x1793;&#x17C5; 1995 B014 Or.9</subfield>
    <subfield code="p">RUA003080</subfield>
    <subfield code="r">2015-09-10</subfield>
    <subfield code="w">2015-09-10</subfield>
    <subfield code="y">AGR</subfield>
  </datafield>
</record>
